Fr. Conceicao Rodrigues College of Engineering

Welding Engineers Handbook (Record no. 26049)

MARC details
000 -LEADER
fixed length control field 00281nam a2200133Ia 4500
082 ## - DEWEY DECIMAL CLASSIFICATION NUMBER
Classification number 671.5
100 ## - MAIN ENTRY--PERSONAL NAME
Personal name Oatis/J.A
245 ## - TITLE STATEMENT
Title Welding Engineers Handbook
260 ## - PUBLICATION, DISTRIBUTION, ETC.
Name of publisher, distributor, etc. Taraporevala Sons & Co
Date of publication, distribution, etc. 2001
300 ## - PHYSICAL DESCRIPTION
Extent 290
546 ## - LANGUAGE NOTE
Language note ENGLISH
654 ## - SUBJECT ADDED ENTRY--FACETED TOPICAL TERMS
Focus term Handbook
942 ## - ADDED ENTRY ELEMENTS (KOHA)
Koha item type BOOK
Holdings
Withdrawn status Lost status Damaged status Not for loan Collection Home library Current library Date acquired Cost, normal purchase price Inventory number Total Checkouts Full call number Barcode Date last seen Cost, replacement price Price effective from Koha item type
        AFT Fr. Agnel's C.Rodrigues College of Engineering Fr. Agnel's C.Rodrigues College of Engineering 17/03/2023 9.50 1071   671.5 AFT781 17/03/2023 9.50 17/03/2023 BOOK